Spell the Marvel Character #19 - Statistics

General Stats
  • This quiz has been taken 57 times
  • The average score is 3 of 5
Answer Stats
Picture Answer % Correct
She-Hulk
100%
Iceman
91%
Silk
43%
Karma
35%
Lionheart
28%
No matching quizzes found
Score Distribution
Percent of People with Each Score
Percentile by Number Answered
Your Score History
You have not taken this quiz